000 00421nam a2200181Ia 4500
001 21040
005 20260306172850.0
008 260306t2004||||xx |||||||||||||| ||spa||
041 _aESP
082 _a344
_bG79
100 _aGracia Martín, Luis
_eAUT
245 0 _aEstudios de derecho penal
260 _c2004
300 _a908 páginas :
_c23 cm.
650 _aGEN
654 _aCDE
942 _cLIB
_dJUS
_fJUS
_2ddc
_n
999 _c21040
_d21040